[Event "Frankfurt Ch A 2019"]
[Site "Ffm-Höchst, BiKuZ"]
[Date "2019.06.03"]
[Round "6.29"]
[White "Hitzer, Dieter"]
[Black "Brückmann, Gerd"]
[Result "1/2-1/2"]
[WhiteElo "1682"]
[BlackElo "1872"]
[PlyCount "102"]
[EventDate "2019.??.??"]
[WhiteTeam "Bad Vilbeler Sfr."]
[BlackTeam "SV Anderssen Arolsen"]

1. Nf3 d5 2. d4 Nf6 3. c4 c6 4. Qc2 dxc4 5. Qxc4 Bg4 6. Nbd2 Nbd7 7. g3 e6 8.
Bg2 Be7 9. O-O O-O 10. h3 Bh5 11. Nb3 Nb6 12. Qc2 Bg6 13. Qd1 Nfd7 14. Bf4 Nd5
15. Bd2 a5 16. Rc1 Qb6 17. Bc3 Nxc3 18. bxc3 Ba3 19. Rc2 Bxc2 20. Qxc2 a4 21.
Nbd2 Qb2 22. Qd3 Qxa2 23. Nc4 Be7 24. Rb1 b5 25. Nce5 Nxe5 26. Nxe5 Rac8 27.
Nxc6 Bd6 28. Qxb5 g6 29. Qd3 a3 30. c4 Rxc6 31. Bxc6 Rb8 32. Rxb8+ Bxb8 33. Ba4
Qa1+ 34. Kg2 a2 35. Bb3 Qb2 36. Bxa2 Qxa2 37. e3 Qa8+ 38. Kh2 Qa2 39. Kg2 Bc7
40. c5 Qd5+ 41. e4 Qd7 42. Qc4 h5 43. d5 h4 44. d6 Bxd6 45. cxd6 Qxd6 46. g4
Qf4 47. Qd3 Kg7 48. Qf3 Qxf3+ 49. Kxf3 Kf6 50. Ke3 e5 51. Kf3 Kg5 1/2-1/2

[Event "Frankfurt Ch A 2019"]
[Site "Ffm-Höchst, BiKuZ"]
[Date "2019.06.03"]
[Round "6.30"]
[White "Zimmer, Gerald"]
[Black "Viol, Julius"]
[Result "1/2-1/2"]
[WhiteElo "1854"]
[BlackElo "1675"]
[PlyCount "64"]
[EventDate "2019.??.??"]
[WhiteTeam "SC Bergen-Enkheim"]
[BlackTeam "FC Bierstadt"]

1. c4 Nf6 2. Nc3 e6 3. g3 d5 4. cxd5 exd5 5. d4 c6 6. Bg2 Bf5 7. Nf3 h6 8. O-O
Bd6 9. Bd2 O-O 10. Qc1 Re8 11. Bf4 Bh7 12. Re1 a5 13. Be5 Bxe5 14. Nxe5 Nbd7
15. Nxd7 Qxd7 16. Qf4 Qf5 17. Qc7 Qd7 18. Qxd7 Nxd7 19. e4 dxe4 20. Bxe4 Nf6
21. Bf3 Rad8 22. d5 cxd5 23. Nxd5 Rxe1+ 24. Rxe1 Nxd5 25. Bxd5 b6 26. Re7 Bg6
27. Bb3 Rd2 28. Rb7 Rxb2 29. Rxb6 Rb1+ 30. Kg2 a4 31. Rxg6 axb3 32. Ra6 bxa2
1/2-1/2

[Event "Frankfurt Ch A 2019"]
[Site "Ffm-Höchst, BiKuZ"]
[Date "2019.06.03"]
[Round "6.31"]
[White "Goldt, Rainer"]
[Black "Fischer, Lutz"]
[Result "1/2-1/2"]
[WhiteElo "1852"]
[BlackElo "1557"]
[PlyCount "48"]
[EventDate "2019.??.??"]
[WhiteTeam "Kreuznacher SV"]
[BlackTeam "SF Frankfurt"]

1. e4 e6 2. d4 d5 3. Nc3 Bb4 4. Nge2 Nc6 5. a3 Ba5 6. b4 Bb6 7. Be3 Nge7 8. e5
O-O 9. Ng3 f6 10. b5 Ba5 11. Qd3 Nb8 12. exf6 Rxf6 13. Be2 Nd7 14. O-O Nb6 15.
Bg5 Rf7 16. Bf3 Qd6 17. Rfe1 Nf5 18. Nxf5 Rxf5 19. Bh4 Qf8 20. Bg3 Nc4 21. Re2
Nb2 22. Qe3 Nc4 23. Qd3 Nb2 24. Qe3 Nc4 1/2-1/2

[Event "Frankfurt Ch A 2019"]
[Site "Ffm-Höchst, BiKuZ"]
[Date "2019.06.03"]
[Round "6.32"]
[White "Merges, Harald"]
[Black "Fucik, Timo"]
[Result "0-1"]
[WhiteElo "1757"]
[BlackElo "2013"]
[PlyCount "124"]
[EventDate "2019.??.??"]
[WhiteTeam "SG Reil-Kinheim"]
[BlackTeam "SK Ettlingen"]

1. e4 c5 2. c3 d6 3. d4 Nf6 4. Bd3 g6 5. Ne2 Nc6 6. Be3 cxd4 7. cxd4 Bg7 8. f3
Bd7 9. Nbc3 O-O 10. O-O a6 11. a3 Ne8 12. Qd2 Rc8 13. b4 b5 14. Rac1 e5 15. Bb1
exd4 16. Nxd4 Ne5 17. Ba2 Nc7 18. Nce2 Na8 19. Rxc8 Qxc8 20. Rc1 Qb8 21. Bh6
Nb6 22. Bxg7 Kxg7 23. Nc2 Be6 24. Bxe6 fxe6 25. Ncd4 Rf6 26. Qc3 Nec4 27. Nxe6+
Kf7 28. N6f4 Qe8 29. Qd3 Qe5 30. Nd5 Nxd5 31. Qxd5+ Qxd5 32. exd5 Rf5 33. a4
Rxd5 34. axb5 axb5 35. Nc3 Rd2 36. Nxb5 d5 37. Nc3 Ne3 38. Re1 Nxg2 39. Re2
Rxe2 40. Nxe2 Ne3 41. Kf2 Nc4 42. Nf4 d4 43. Ke2 g5 44. Nh3 Kf6 45. Nf2 Ke5 46.
Kd3 Kd5 47. Ne4 Ne5+ 48. Ke2 h6 49. Nd2 Kc6 50. Nb3 d3+ 51. Ke3 Kb5 52. Nc1
Nxf3 53. Nxd3 Nxh2 54. Ne5 h5 55. Nf7 g4 56. Kf2 Kxb4 57. Kg3 Nf3 58. Nh6 Ne5
59. Kh4 Kc5 60. Nf5 Kd5 61. Kxh5 Ke4 62. Ng3+ Kf3 0-1

[Event "Frankfurt Ch A 2019"]
[Site "Ffm-Höchst, BiKuZ"]
[Date "2019.06.03"]
[Round "6.33"]
[White "Thomas, Norbert"]
[Black "Weiland, Thomas"]
[Result "1-0"]
[WhiteElo "1923"]
[BlackElo "1751"]
[PlyCount "55"]
[EventDate "2019.??.??"]
[WhiteTeam "SC Frankfurt-West"]
[BlackTeam "SV Oberursel"]

1. g3 g6 2. Bg2 Bg7 3. c4 c5 4. Nc3 Nc6 5. Nf3 Nf6 6. O-O O-O 7. d4 cxd4 8.
Nxd4 Nxd4 9. Qxd4 d6 10. Qd3 Rb8 11. b3 b6 12. Bb2 Bb7 13. e4 Nd7 14. Qe2 Bc6
15. Rad1 a5 16. f4 b5 17. Kh1 b4 18. Nd5 Nc5 19. Bxg7 Kxg7 20. f5 Bxd5 21. Rxd5
Qc7 22. e5 a4 23. f6+ Kh8 24. Qe3 axb3 25. axb3 Nb7 26. Qh6 Rg8 27. Rf4 Ra8 28.
Qxh7+ 1-0

[Event "Frankfurt Ch A 2019"]
[Site "Ffm-Höchst, BiKuZ"]
[Date "2019.06.03"]
[Round "6.35"]
[White "Kohani, Sohrab"]
[Black "Stuhlmann, Florian"]
[Result "1-0"]
[WhiteElo "1714"]
[BlackElo "1875"]
[PlyCount "93"]
[EventDate "2019.??.??"]
[WhiteTeam "Freibauer Mörlenbach"]
[BlackTeam "SC Lindenholzhausen"]

1. e4 c5 2. Nf3 e6 3. d4 cxd4 4. Nxd4 Nc6 5. Bc4 a6 6. a4 Qb6 7. Nb3 Nf6 8. Bd3
Qc7 9. O-O b6 10. Nc3 Bb7 11. Be3 Ne5 12. f3 Bd6 13. Be2 Ng6 14. g3 O-O 15. Qd3
Be7 16. f4 d5 17. e5 Nd7 18. h4 Nc5 19. Qd1 Nxb3 20. cxb3 Rfd8 21. Bd4 Bc5 22.
Rc1 Qe7 23. h5 Nf8 24. Bxc5 Qxc5+ 25. Kh2 Qb4 26. Bd3 Qe7 27. Qg4 h6 28. Qh3
Rac8 29. g4 Nd7 30. Rg1 Qb4 31. Rcf1 Qxb3 32. Nd1 Qxa4 33. g5 hxg5 34. Rxg5 Kf8
35. Qg3 Nc5 36. Bh7 Ne4 37. Bxe4 Qxe4 38. Rxg7 Qe2+ 39. Rf2 Qxh5+ 40. Kg1 Qxd1+
41. Kh2 Qh5+ 42. Kg1 Rc1+ 43. Rf1 Rxf1+ 44. Kxf1 d4 45. Rg8+ Ke7 46. Qa3+ Kd7
47. Qd6+ 1-0

[Event "Frankfurt Ch A 2019"]
[Site "Ffm-Höchst, BiKuZ"]
[Date "2019.06.03"]
[Round "6.36"]
[White "Brauch, Manfred"]
[Black "Trierweiler, Joachim"]
[Result "1/2-1/2"]
[WhiteElo "1659"]
[BlackElo "1805"]
[PlyCount "88"]
[EventDate "2019.??.??"]
[WhiteTeam "SG Pieroth"]
[BlackTeam "Vorw.Orient Mainz"]

1. f4 Nf6 2. Nf3 g6 3. g3 Bg7 4. Bg2 O-O 5. O-O c6 6. Nc3 d5 7. e3 Bg4 8. Qe1
Na6 9. a3 Nc5 10. Ne5 Bf5 11. d3 Qc8 12. Nd1 Bh3 13. Nf2 Bxg2 14. Kxg2 Ncd7 15.
Nf3 c5 16. Rb1 Qc7 17. e4 d4 18. Qe2 e6 19. Bd2 Rae8 20. Nh4 Nh5 21. e5 f5 22.
h3 Nb6 23. Kh2 Qe7 24. Ng2 Nd5 25. c4 Ne3 26. Nxe3 dxe3 27. Bxe3 Bh6 28. b4 b6
29. bxc5 bxc5 30. Rb5 Rc8 31. Rfb1 Rc7 32. a4 Rfc8 33. Qf3 Bf8 34. a5 Ng7 35.
Rb7 h5 36. h4 Ne8 37. a6 Qd8 38. Bd2 Re7 39. Be3 Rec7 40. Qe2 Be7 41. Qa2 Qd7
42. Qa5 Qc6 43. Rb8 Kf7 44. Rxc8 Rxc8 1/2-1/2

[Event "Frankfurt Ch A 2019"]
[Site "Ffm-Höchst, BiKuZ"]
[Date "2019.06.03"]
[Round "6.37"]
[White "Stuhlmann, Felix"]
[Black "Ackermann, Robert"]
[Result "1/2-1/2"]
[WhiteElo "1794"]
[BlackElo "1664"]
[PlyCount "59"]
[EventDate "2019.??.??"]
[WhiteTeam "SC Lindenholzhausen"]
[BlackTeam "SC Bad Soden"]

1. e4 c5 2. Nf3 d6 3. d4 cxd4 4. Nxd4 Nf6 5. Nc3 Nc6 6. Bg5 e6 7. f4 Be7 8. Bb5
Bd7 9. Qd2 h6 10. Bxf6 Bxf6 11. Nf3 Be7 12. O-O-O a6 13. Be2 b5 14. Rdf1 Qa5
15. Kb1 Rc8 16. g4 b4 17. Nd1 Qc5 18. Ne3 Na5 19. h4 Bb5 20. g5 Nc4 21. Nxc4
Bxc4 22. f5 hxg5 23. hxg5 Rxh1 24. Rxh1 Bxe2 25. Qxe2 exf5 26. exf5 Qxf5 27.
Rh8+ Kd7 28. Rxc8 Kxc8 29. Qxa6+ Kd8 30. Qa8+ 1/2-1/2

[Event "Frankfurt Ch A 2019"]
[Site "Ffm-Höchst, BiKuZ"]
[Date "2019.06.03"]
[Round "6.38"]
[White "Stoll, Ulrich"]
[Black "Varma, Christopher"]
[Result "0-1"]
[WhiteElo "1646"]
[BlackElo "1779"]
[PlyCount "92"]
[EventDate "2019.??.??"]
[WhiteTeam "Bad Vilbeler Sfr."]
[BlackTeam "SV Oberursel"]

1. e4 e6 2. d3 c5 3. Nf3 b6 4. g3 Bb7 5. Bg2 d6 6. O-O Nf6 7. Nbd2 Be7 8. Nc4
O-O 9. e5 Ne8 10. exd6 Nxd6 11. Nxd6 Bxd6 12. Re1 Qc7 13. b3 Nc6 14. Bb2 Rfd8
15. Ng5 h6 16. Nf3 Rac8 17. Qd2 Be7 18. Rac1 b5 19. Be5 Nxe5 20. Nxe5 Bxg2 21.
Kxg2 Bf6 22. Qe2 Rd5 23. Ng4 Bc3 24. Rf1 Qa5 25. Ne3 Rd7 26. Nd1 Bf6 27. a4
bxa4 28. bxa4 Qxa4 29. Ne3 Rb7 30. Nc4 Rcb8 31. f4 Qa2 32. Kh3 Rb1 33. Rxb1
Rxb1 34. Rxb1 Qxb1 35. Qg2 h5 36. g4 hxg4+ 37. Kxg4 Qd1+ 38. Kg3 Qe1+ 39. Kf3
Bd4 40. Qe2 Qh1+ 41. Qg2 Qc1 42. Qe2 Qh1+ 43. Qg2 Qa1 44. Kg3 f5 45. Qe2 Qg1+
46. Kf3 Qg4# 0-1

[Event "Frankfurt Ch A 2019"]
[Site "Ffm-Höchst, BiKuZ"]
[Date "2019.06.03"]
[Round "6.39"]
[White "Münstermann, Matthias"]
[Black "Menning, Uwe"]
[Result "1/2-1/2"]
[WhiteElo "1666"]
[BlackElo "1779"]
[PlyCount "99"]
[EventDate "2019.??.??"]
[WhiteTeam "SK Langen"]
[BlackTeam "FC Bierstadt"]

1. d4 d5 2. c4 e6 3. Nc3 Nf6 4. Nf3 Be7 5. Bg5 O-O 6. e3 dxc4 7. Bxc4 b6 8. O-O
Bb7 9. Rc1 Nfd7 10. Bxe7 Qxe7 11. d5 c5 12. e4 exd5 13. Nxd5 Qd8 14. Qc2 Na6
15. Rcd1 Bxd5 16. Bxd5 Nb4 17. Qa4 b5 18. Qxb5 Rb8 19. Qa4 Nxd5 20. Rxd5 Nb6
21. Rxd8 Nxa4 22. Rxf8+ Kxf8 23. Ne5 Rxb2 24. h3 f6 25. Nd3 Rd2 26. Nf4 g5 27.
Nd5 Kf7 28. f4 Ke6 29. fxg5 fxg5 30. Rf6+ Ke5 31. Rf7 Kxe4 32. Nf6+ Kd3 33.
Rxa7 Rxa2 34. Rd7+ Kc2 35. Rc7 Kd3 36. Rd7+ Ke3 37. Rc7 h6 38. Ng4+ Kd4 39.
Nxh6 c4 40. Nf5+ Ke5 41. Ne3 c3 42. Rc4 Ra3 43. Kf2 Nb2 44. Rc8 Nd3+ 45. Ke2
Nf4+ 46. Kf3 Rb3 47. h4 c2 48. Rxc2 Nd5 49. Re2 gxh4 50. Kf2 1/2-1/2

[Event "Frankfurt Ch A 2019"]
[Site "Ffm-Höchst, BiKuZ"]
[Date "2019.06.03"]
[Round "6.40"]
[White "Schlumbohm, Nils"]
[Black "Winand, Edgar"]
[Result "1/2-1/2"]
[WhiteElo "1584"]
[BlackElo "1778"]
[PlyCount "47"]
[EventDate "2019.??.??"]
[WhiteTeam "Berkershm"]
[BlackTeam "SF Frankfurt"]

1. d4 d6 2. c4 h6 3. Nc3 g5 4. e4 Bg7 5. Nge2 Nc6 6. Be3 e5 7. d5 Nce7 8. c5 f5
9. f3 Nf6 10. Bf2 O-O 11. Ng3 f4 12. Nge2 h5 13. Nc1 Ng6 14. Nb3 g4 15. cxd6
cxd6 16. Rc1 Ne8 17. Nd2 Bd7 18. Qb3 b6 19. Bd3 Bh6 20. Nc4 g3 21. Bg1 Nh4 22.
Bf1 Qg5 23. Rc2 Bh3 24. hxg3 1/2-1/2

[Event "Frankfurt Ch A 2019"]
[Site "Ffm-Höchst, BiKuZ"]
[Date "2019.06.03"]
[Round "6.41"]
[White "Mayer, Andreas"]
[Black "Rauscher, Joachim"]
[Result "0-1"]
[WhiteElo "1446"]
[BlackElo "1764"]
[PlyCount "44"]
[EventDate "2019.??.??"]
[WhiteTeam "SF Frankfurt"]
[BlackTeam "SC Brett vorm Kopp"]

1. e4 c5 2. d4 cxd4 3. c3 dxc3 4. Nxc3 Nc6 5. Nf3 e6 6. Bc4 Nge7 7. Bg5 f6 8.
Bh4 a6 9. a3 b5 10. Ba2 Ng6 11. Bg3 Be7 12. O-O O-O 13. Qe2 Qb6 14. b4 Kh8 15.
Rac1 Bb7 16. Kh1 Rac8 17. h4 Nge5 18. Nh2 Nd4 19. Qh5 Nd3 20. e5 Nxc1 21. Rxc1
f5 22. Qd1 f4 0-1

[Event "Frankfurt Ch A 2019"]
[Site "Ffm-Höchst, BiKuZ"]
[Date "2019.06.03"]
[Round "6.42"]
[White "Schellen, Sven"]
[Black "Rotermund, Verena"]
[Result "1-0"]
[WhiteElo "1768"]
[BlackElo "1695"]
[PlyCount "47"]
[EventDate "2019.??.??"]
[WhiteTeam "SF Frankfurt"]
[BlackTeam "Vorw.Orient Mainz"]

1. d4 Nf6 2. c4 d6 3. Nf3 g6 4. Nc3 Bg7 5. Bf4 Nh5 6. Bg3 Bg4 7. e3 Nd7 8. Rc1
e5 9. Be2 O-O 10. Bh4 Qc8 11. Nd5 Kh8 12. c5 dxc5 13. dxc5 c6 14. Nc3 e4 15.
Nxe4 Bxb2 16. Nd6 Qc7 17. Rc2 Bg7 18. Be7 Nxc5 19. Bxf8 Qa5+ 20. Qd2 Qxd2+ 21.
Nxd2 Bxf8 22. Nxf7+ Kg7 23. Bxg4 Kxf7 24. Bxh5 1-0

[Event "Frankfurt Ch A 2019"]
[Site "Ffm-Höchst, BiKuZ"]
[Date "2019.06.03"]
[Round "6.43"]
[White "Fernandez Egea, Andres"]
[Black "Knödler, Marcel"]
[Result "1-0"]
[WhiteElo "1829"]
[BlackElo "1662"]
[PlyCount "55"]
[EventDate "2019.??.??"]
[WhiteTeam "SF Frankfurt"]
[BlackTeam "FC Bierstadt"]

1. d4 Nf6 2. Bf4 g6 3. c4 c5 4. d5 Bg7 5. Nc3 d6 6. f3 Nh5 7. Bg5 h6 8. Bd2 e5
9. g3 f5 10. Qc2 Na6 11. a3 Nf6 12. Nh3 Kf7 13. Nf2 Nc7 14. e4 a6 15. Bd3 fxe4
16. Ncxe4 Bf5 17. O-O Ke7 18. f4 Nxe4 19. Bxe4 Qd7 20. Bc3 Rae8 21. fxe5 Bxe5
22. Bxe5 dxe5 23. Bxf5 gxf5 24. Nd3 Kd6 25. b4 b6 26. bxc5+ bxc5 27. Qf2 Ke7
28. Nxe5 1-0

[Event "Frankfurt Ch A 2019"]
[Site "Ffm-Höchst, BiKuZ"]
[Date "2019.06.03"]
[Round "6.44"]
[White "Bittner, Peter"]
[Black "Stricker, Konstantin"]
[Result "1-0"]
[WhiteElo "1737"]
[BlackElo "1589"]
[PlyCount "73"]
[EventDate "2019.??.??"]
[WhiteTeam "SC Nied"]
[BlackTeam "SC Eschbach"]

1. e4 c5 2. Nf3 d6 3. c3 Nf6 4. Qc2 e6 5. d4 cxd4 6. Nxd4 Be7 7. Be2 O-O 8. O-O
a6 9. f4 Nc6 10. Be3 Qc7 11. Nd2 b5 12. Rac1 Bb7 13. Qb1 Rac8 14. a3 Qb8 15. c4
Nxd4 16. Bxd4 e5 17. fxe5 dxe5 18. Be3 bxc4 19. Rxc4 Rxc4 20. Bxc4 Qa8 21. h3
Bxe4 22. Nxe4 Qxe4 23. Qxe4 Nxe4 24. Bxa6 Bc5 25. Bxc5 Nxc5 26. Bc4 g6 27. b4
Nb7 28. Bd5 Nd6 29. a4 Kg7 30. a5 Rb8 31. a6 Nc8 32. Rxf7+ Kh6 33. Rb7 Ra8 34.
b5 Na7 35. Rd7 Rb8 36. Rxa7 Rxb5 37. Rd7 1-0

[Event "Frankfurt Ch A 2019"]
[Site "Ffm-Höchst, BiKuZ"]
[Date "2019.06.03"]
[Round "6.45"]
[White "Zeyen, Helmut"]
[Black "Henrich, Frederik"]
[Result "1-0"]
[WhiteElo "1725"]
[BlackElo "1561"]
[PlyCount "134"]
[EventDate "2019.??.??"]
[WhiteTeam "Wiesbadener SV"]
[BlackTeam "Frankfurter TV"]

1. e4 e5 2. Nf3 Nc6 3. Nc3 Nf6 4. a3 d5 5. Bb5 Nxe4 6. Nxe5 Qg5 7. d4 Qxg2 8.
Qf3 Qxf3 9. Nxf3 Nxc3 10. bxc3 Bd7 11. Bf4 O-O-O 12. Kd2 f6 13. h4 Re8 14. Rhe1
a6 15. Be2 Na5 16. Be3 Bd6 17. Rg1 Re7 18. c4 Nxc4+ 19. Bxc4 dxc4 20. Kc3 Bc6
21. Nd2 b5 22. Rgb1 Rhe8 23. Nf1 Re4 24. h5 h6 25. a4 Kd7 26. axb5 Bxb5 27. Kd2
Rh4 28. Kc3 Rxh5 29. Nd2 Rh3 30. Nxc4 Bf4 31. Rg1 g5 32. Rh1 Rxh1 33. Rxh1 Bxe3
34. Nxe3 Rh8 35. Kb4 h5 36. c4 Bc6 37. d5 Bb7 38. Kc5 h4 39. Ng4 f5 40. Ne5+
Kc8 41. Nf7 Rh5 42. Re1 h3 43. d6 h2 44. Re8+ Kd7 45. Re7+ Kc8 46. d7+ Kb8 47.
d8=Q+ Ka7 48. Re1 h1=Q 49. Rxh1 Rxh1 50. Qxc7 Rh7 51. Qb6+ Ka8 52. Nxg5 Rh8 53.
Nf7 Rc8+ 54. Kd6 Rc6+ 55. Qxc6 Bxc6 56. Kxc6 Ka7 57. Nd6 f4 58. Ne4 Kb8 59. Kb6
Kc8 60. Kxa6 Kc7 61. Kb5 Kb7 62. c5 Kc7 63. c6 f3 64. Kc5 Kc8 65. Kd6 Kd8 66.
c7+ Kc8 67. Nd2 Kb7 1-0

[Event "Frankfurt Ch A 2019"]
[Site "Ffm-Höchst, BiKuZ"]
[Date "2019.06.03"]
[Round "6.46"]
[White "Mühlbach, Christian"]
[Black "Burkart, Lloyd Shang"]
[Result "1/2-1/2"]
[WhiteElo "1689"]
[BlackElo "1484"]
[PlyCount "65"]
[EventDate "2019.??.??"]
[WhiteTeam "SK Langen"]
[BlackTeam "TuS Makkabi"]

1. Nf3 Nf6 2. d3 d5 3. Nbd2 Bf5 4. g3 e6 5. Bg2 h6 6. O-O Bc5 7. c3 O-O 8. Qc2
c6 9. e4 Bh7 10. Re1 Nbd7 11. a4 a5 12. Qb3 Qb6 13. d4 Qxb3 14. Nxb3 Bb6 15. e5
Ne4 16. Nfd2 Nxd2 17. Bxd2 c5 18. dxc5 Nxc5 19. Nxc5 Bxc5 20. Be3 Rac8 21. Bf1
b6 22. Bb5 Rfd8 23. Rad1 Be4 24. Bd4 Bxd4 25. Rxd4 Kf8 26. Ba6 Ra8 27. Bb5 Rac8
28. f4 Bf5 29. Kg2 h5 30. Kf3 Ke7 31. Ke3 Rc7 32. Kd2 Rdc8 33. Ba6 1/2-1/2

[Event "Frankfurt Ch A 2019"]
[Site "Ffm-Höchst, BiKuZ"]
[Date "2019.06.03"]
[Round "6.47"]
[White "Arnold, Aaron"]
[Black "Winter, Olaf"]
[Result "1-0"]
[WhiteElo "1424"]
[BlackElo "1656"]
[PlyCount "131"]
[EventDate "2019.??.??"]
[WhiteTeam "SC Frankfurt-West"]
[BlackTeam "SK Bad Homburg"]

1. e4 c5 2. b3 Nf6 3. Nc3 e6 4. Bb2 d6 5. Nf3 a6 6. a4 Nbd7 7. d4 Be7 8. d5
exd5 9. exd5 O-O 10. h3 b6 11. Be2 Bb7 12. O-O Ne5 13. Re1 Rc8 14. Nxe5 dxe5
15. Bf3 Bd6 16. Na2 Re8 17. c4 Rc7 18. Qc2 Rce7 19. Re3 Bc8 20. Rae1 h6 21. Bc3
Nh7 22. Qb2 Qc7 23. Nc1 Ng5 24. Bd1 g6 25. Bc2 f5 26. h4 Nf7 27. Rg3 Kh7 28.
Qb1 e4 29. Rge3 Bf4 30. Rh3 e3 31. f3 Bg3 32. Re2 Qd6 33. Nd3 Bd7 34. Be1 Bxe1
35. Qxe1 f4 36. Rh2 Bf5 37. Qb1 Rb7 38. Nb2 Bxc2 39. Qxc2 b5 40. Rh1 Reb8 41.
Nd3 bxa4 42. bxa4 Rb1+ 43. Re1 Rxe1+ 44. Nxe1 Qe5 45. Nd3 Qd4 46. Kh2 Qf6 47.
h5 Qf5 48. hxg6+ Qxg6 49. Rc1 Ng5 50. Nxf4 Qxc2 51. Rxc2 Rb4 52. Nd3 Rxa4 53.
Nxc5 Ra3 54. d6 Nf7 55. d7 Nd8 56. Kg3 Ra5 57. Ne4 Kg7 58. c5 Nc6 59. Kf4 Ra3
60. g4 Kf7 61. Kf5 Ke7 62. Rb2 Kxd7 63. Rb7+ Kc8 64. Nd6+ Kd8 65. Ke6 e2 66.
Rd7# 1-0

[Event "Frankfurt Ch A 2019"]
[Site "Ffm-Höchst, BiKuZ"]
[Date "2019.06.03"]
[Round "6.48"]
[White "Stulken, Dietmar"]
[Black "Jakesevic, Ivan"]
[Result "1/2-1/2"]
[WhiteElo "1267"]
[BlackElo "1640"]
[PlyCount "81"]
[EventDate "2019.??.??"]
[WhiteTeam "SF Frankfurt"]
[BlackTeam "FC Bierstadt"]

1. d4 Nf6 2. c4 d6 3. Nc3 g6 4. e4 Bg7 5. Nf3 O-O 6. Be2 Nbd7 7. O-O e5 8. dxe5
Nxe5 9. Nxe5 dxe5 10. Be3 c6 11. f3 Qe7 12. Qc2 Be6 13. Na4 b6 14. b3 Rfd8 15.
Rad1 Nh5 16. Rxd8+ Rxd8 17. Rd1 f5 18. Rxd8+ Qxd8 19. Qd3 Qd7 20. Qxd7 Bxd7 21.
Nc3 Nf4 22. Bf1 Ne6 23. Nd1 fxe4 24. fxe4 Nd4 25. Bd3 Bf8 26. Bxd4 exd4 27. h3
Bh6 28. Kf2 Kf7 29. Kf3 Kf6 30. Nf2 Bg7 31. Ng4+ Kg5 32. Nf2 Be5 33. Be2 Kh4
34. Bf1 g5 35. g4 h5 36. gxh5 Kxh5 37. Ng4 Bxg4+ 38. hxg4+ Kh4 39. Bd3 Kh3 40.
Be2 Kh2 41. Bd3 1/2-1/2

[Event "Frankfurt Ch A 2019"]
[Site "Ffm-Höchst, BiKuZ"]
[Date "2019.06.03"]
[Round "6.49"]
[White "Klamser, Dietmar"]
[Black "Arnold, Jan"]
[Result "1-0"]
[WhiteElo "1638"]
[BlackElo "1375"]
[PlyCount "63"]
[EventDate "2019.??.??"]
[WhiteTeam "SC Groß-Umstadt"]
[BlackTeam "SC Frankfurt-West"]

1. e4 c5 2. Nf3 d6 3. d4 cxd4 4. Nxd4 Nf6 5. Nc3 g6 6. Be2 Bg7 7. Be3 O-O 8. f3
Nbd7 9. Qd2 a6 10. g4 Ne5 11. O-O-O b5 12. h4 h5 13. gxh5 Nxh5 14. Rhg1 Nc4 15.
Bxc4 bxc4 16. Bh6 Bd7 17. Nde2 Qb6 18. Bxg7 Kxg7 19. Nd5 Qd8 20. Qg5 e6 21.
Qxh5 Rh8 22. Qg5 exd5 23. Qxd5 Be6 24. Qd4+ Kg8 25. Nf4 Qxh4 26. Nxe6 fxe6 27.
Rxg6+ Kf8 28. Qg7+ Ke8 29. Rxe6+ Kd8 30. Rdxd6+ Kc8 31. Rc6+ Kd8 32. Qc7# 1-0

[Event "Frankfurt Ch A 2019"]
[Site "Ffm-Höchst, BiKuZ"]
[Date "2019.06.03"]
[Round "6.50"]
[White "Staggat, Rolf"]
[Black "Both, Günter"]
[Result "1/2-1/2"]
[WhiteElo "1591"]
[BlackElo "1506"]
[PlyCount "25"]
[EventDate "2019.??.??"]
[WhiteTeam "Schierstein"]
[BlackTeam "SK Bischofsheim"]

1. e4 c5 2. Nf3 d6 3. d4 cxd4 4. Nxd4 Nf6 5. Nc3 a6 6. Be3 e5 7. Nb3 Be6 8. Bd3
Nc6 9. f3 Be7 10. O-O O-O 11. Nd2 b5 12. a3 Qc7 13. Rc1 1/2-1/2

[Event "Frankfurt Ch A 2019"]
[Site "Ffm-Höchst, BiKuZ"]
[Date "2019.06.03"]
[Round "6.51"]
[White "Kautz, Thomas"]
[Black "Mongi, Mario"]
[Result "1-0"]
[WhiteElo "1742"]
[BlackElo "1401"]
[PlyCount "65"]
[EventDate "2019.??.??"]
[WhiteTeam "SK Niederbrechen"]
[BlackTeam "SC Sulzbach"]

1. d4 Nf6 2. Nf3 e6 3. c4 Be7 4. Nc3 d5 5. e3 O-O 6. Bd3 Nbd7 7. O-O b6 8. cxd5
Nxd5 9. Nxd5 exd5 10. b3 a5 11. Bb2 Ba6 12. Rc1 Bxd3 13. Qxd3 c5 14. Rc2 Rc8
15. Rd1 Bf6 16. dxc5 Bxb2 17. Rxb2 Rxc5 18. Rc2 Rxc2 19. Qxc2 Nf6 20. Nd4 Qd7
21. Rc1 Re8 22. Qc7 Qxc7 23. Rxc7 a4 24. Rb7 Rc8 25. f3 axb3 26. axb3 Kf8 27.
Rxb6 Rc3 28. Kf2 Rc1 29. Rb8+ Ne8 30. Rd8 Rc5 31. b4 Rc4 32. b5 Ke7 33. Rxd5
1-0

[Event "Frankfurt Ch A 2019"]
[Site "Ffm-Höchst, BiKuZ"]
[Date "2019.06.03"]
[Round "6.52"]
[White "Lopez Fuertes, Victor"]
[Black "John, Volkmar"]
[Result "0-1"]
[WhiteElo "1548"]
[BlackElo "1646"]
[PlyCount "50"]
[EventDate "2019.??.??"]
[WhiteTeam "SC Höchst"]
[BlackTeam "SC Herborn"]

1. e4 c5 2. b3 e6 3. Nf3 d5 4. exd5 exd5 5. d4 Nf6 6. Bb2 Be7 7. Bb5+ Nc6 8.
O-O O-O 9. Re1 a6 10. Be2 b5 11. Nc3 c4 12. Ne5 Qc7 13. Ng4 Be6 14. Bf3 Rfe8
15. Bc1 b4 16. Ne2 Nxg4 17. Nf4 Nf6 18. Nxe6 fxe6 19. Rxe6 Bd6 20. Rxe8+ Rxe8
21. g3 Nxd4 22. Bxd5+ Nxd5 23. Qxd4 Re1+ 24. Kg2 Qc6 25. Bb2 Nf4# 0-1

[Event "Frankfurt Ch A 2019"]
[Site "Ffm-Höchst, BiKuZ"]
[Date "2019.06.03"]
[Round "6.54"]
[White "Bernhardt, Winfried"]
[Black "Schneider, Luca"]
[Result "0-1"]
[WhiteElo "1419"]
[BlackElo "1603"]
[PlyCount "88"]
[EventDate "2019.??.??"]
[WhiteTeam "SV Nauheim"]
[BlackTeam "FC Bierstadt"]

1. e4 c5 2. Nf3 Nc6 3. d4 cxd4 4. Nxd4 Nf6 5. Nxc6 bxc6 6. Nc3 e5 7. Bc4 Bb4 8.
Qf3 d5 9. exd5 cxd5 10. Bb5+ Bd7 11. Bxd7+ Qxd7 12. O-O O-O 13. h3 Rac8 14. a3
Bxc3 15. bxc3 Ne4 16. Bb2 Nd2 17. Qd3 Nxf1 18. Rxf1 Qb7 19. Bc1 Rc4 20. Qg3 Re8
21. Bh6 f6 22. Bd2 d4 23. h4 Rec8 24. h5 dxc3 25. Bc1 Ra4 26. Qh3 Rcc4 27. Qe6+
Qf7 28. Qf5 Qe8 29. h6 Qc8 30. Qf3 Qc6 31. Qf5 g6 32. Qd3 Rd4 33. Qe2 Rh4 34.
Rd1 Rad4 35. Rf1 Qc4 36. Qf3 Rh1+ 37. Kxh1 Qxf1+ 38. Kh2 Qxc1 39. Qa8+ Kf7 40.
Qxa7+ Ke6 41. Qa6+ Kf5 42. Qc8+ Kg5 43. Qxc3 Rh4+ 44. Qh3 Qf4+ 0-1

[Event "Frankfurt Ch A 2019"]
[Site "Ffm-Höchst, BiKuZ"]
[Date "2019.06.03"]
[Round "6.55"]
[White "Klikic, Drazen"]
[Black "Hedrich, Gerd"]
[Result "0-1"]
[WhiteElo "1488"]
[BlackElo "1317"]
[PlyCount "66"]
[EventDate "2019.??.??"]
[WhiteTeam "SC Nied"]
[BlackTeam "Wiesbadener SV"]

1. e4 c6 2. d4 d5 3. e5 c5 4. c3 cxd4 5. cxd4 Bf5 6. Nc3 e6 7. g4 Bg6 8. f4 Bb4
9. Nf3 Bxc3+ 10. bxc3 Ne7 11. Bd3 Bxd3 12. Qxd3 Nd7 13. O-O h5 14. h3 hxg4 15.
hxg4 a6 16. Kg2 Ng6 17. Bd2 Nh4+ 18. Kg3 Nxf3 19. Rh1 Rxh1 20. Rxh1 Nxd2 21.
Rh8+ Nf8 22. Qxd2 Qa5 23. f5 Rc8 24. f6 gxf6 25. Rxf8+ Kxf8 26. Qh6+ Ke8 27.
Qh8+ Kd7 28. Qxf6 Qxc3+ 29. Kf4 Qxd4+ 30. Kg3 Qd3+ 31. Kf4 Qe4+ 32. Kg3 Rc3+
33. Kh4 Qh7+ 0-1

[Event "Frankfurt Ch B 2019"]
[Site "Ffm-Höchst, BiKuZ"]
[Date "2019.06.04"]
[Round "6.2"]
[White "Goodwin, David"]
[Black "Kiel, Gerhard"]
[Result "0-1"]
[WhiteElo "1434"]
[BlackElo "1459"]
[PlyCount "66"]
[EventDate "2019.??.??"]
[WhiteTeam "SV Kelsterbach"]
[BlackTeam "Berkershm"]

1. Nf3 g6 2. g3 Bg7 3. Bg2 e5 4. d3 Nc6 5. a3 d6 6. Nbd2 Nge7 7. c4 O-O 8. O-O
h6 9. Rb1 Be6 10. e4 Qd7 11. b4 Bh3 12. Nb3 Bxg2 13. Kxg2 f5 14. exf5 Rxf5 15.
Nh4 Rf7 16. f4 exf4 17. Bb2 g5 18. Bxg7 Rxg7 19. Nf3 Nf5 20. Re1 Ne3+ 21. Rxe3
fxe3 22. Rb2 Re8 23. Re2 Rge7 24. c5 Qf5 25. Nbd4 Nxd4 26. Nxd4 Qd5+ 27. Kg1
Qxd4 28. Qb3+ d5 29. Qc2 c6 30. h3 Rf8 31. Kg2 Ref7 32. Qc1 Rf2+ 33. Kg1 Rxe2
0-1